000 00623nam a2200169 4500
001 136083
003 ES-MaACL
005 20230906195030.0
007 t|
008 070214s1915 sp r ||||1| spa d
100 1 _aRuiz de Obregón y Retortillo, Juan.
_9100765
245 1 0 _aFederico Krause
_b: discurso compuesto para obtener el grado de Doctor en Filosofía y Letras /
_cpor el Licenciado D. Juan Ruiz de Obregón y Retortillo.
260 _aMadrid :
_b[s. n.],
_c1915 (
_fImp. Gómez Fuentenebro)
300 _a43 p. ;
_c23 cm.
600 1 4 _aKrause, Karl Christian Friedrich.
_968762
852 _aES-MaACL
_j1716-F-13
999 _c136083
_d136083